Arkansas Football: Top 10 All-Time Leaders - Statistics

General Stats
  • This quiz has been taken 14 times
  • The average score is 23 of 61
Answer Stats
Category # Player Amount % Correct
Rushing Yards 1 Darren McFadden 4,590
83%
Passing Yards 1 KJ Jefferson 7,923
83%
Receiving Yards 6 Treylon Burks 2,399
83%
Passing Yards 9 Austin Allen 5,045
75%
Passing Yards 4 Brandon Allen 7,463
75%
Rushing Yards 6 Felix Jones 2,956
75%
Passing Yards 6 Matt Jones 5,857
75%
Rushing Yards 9 Matt Jones 2,535
75%
Rushing Yards 2 Alex Collins 3,703
67%
Sacks T10 Landon Jackson 16.0
67%
Passing Yards 3 Ryan Mallett 7,493
67%
Sacks 4 Chris Smith 22.0
50%
Receiving Yards T7 George Wilson 2,151
50%
Rushing Yards 10 Madre Hill 2,407
50%
Sacks T10 Ray Lee Johnson 16.0
50%
Tackles 10 Rickey Williams 343
50%
Passing Yards 2 Tyler Wilson 7,765
50%
Interceptions 1 Steve Atwater 14
42%
Passing Yards 8 Barry Lunney Jr. 5,782
33%
Tackles 1 Bumper Pool 441
33%
Passing Yards 7 Casey Dick 5,826
33%
Receiving Yards 3 Cobi Hamilton 2,854
33%
Receiving Yards 1 Jarius Wright 2,934
33%
Sacks T7 Trey Flowers 18.0
33%
Receiving Yards 4 Anthony Eubanks 2,440
25%
Receiving Yards 2 Anthony Lucas 2,879
25%
Rushing Yards 3 Ben Cowins 3,570
25%
Passing Yards 10 Brad Taylor 4,802
25%
Tackles 6 Caleb Miller 368
25%
Rushing Yards 5 Cedric Cobbs 3,018
25%
Tackles 7 Cliff Powell 367
25%
Passing Yards 5 Clint Stoerner 7,422
25%
Tackles 8 De'Jon Harris 364
25%
Rushing Yards 4 Dickey Morton 3,317
25%
Rushing Yards 8 Fred Talley 2,661
25%
Interceptions 2 Gary Adams 13
25%
Interceptions T8 George Walker 10
25%
Receiving Yards 9 Greg Childs 2,066
25%
Sacks 2 Henry Ford 25.0
25%
Sacks 3 Jake Bequette 24.0
25%
Sacks T7 Jamaal Anderson 18.0
25%
Rushing Yards 7 James Rouse 2,887
25%
Receiving Yards 10 James Shibest 1,920
25%
Tackles 3 Jerry Franklin 382
25%
Interceptions T8 Jim Rinehart 10
25%
Receiving Yards 5 Joe Adams 2,410
25%
Tackles 4 Ken Hamlin 381
25%
Interceptions T3 Louis Campbell 12
25%
Interceptions T8 Louis Schaufele 10
25%
Sacks 6 Marcus Adair 19.0
25%
Receiving Yards T7 Marcus Monk 2,151
25%
Interceptions T3 Orlando Watters 12
25%
Tackles 9 Ronnie Caveness 357
25%
Tackles 5 Sam Olajubutu 372
25%
Sacks T7 Scott Long 18.0
25%
Sacks 5 Steven Conley 21.0
25%
Interceptions T3 Tommy Trantham 12
25%
Tackles 2 Tony Bua 408
25%
Interceptions T3 Tramain Thomas 12
25%
Sacks 1 Wayne Martin 26.0
25%
Interceptions 7 Anthony Cooley 11
8%
No matching quizzes found
Score Distribution
Percent of People with Each Score
Percentile by Number Answered
Your Score History
You have not taken this quiz